|
|
|
|
| LEADER |
00000nam2a2200000 4500 |
| 001 |
69349 |
| 005 |
20231031075703.0 |
| 035 |
|
|
|a (RuTPU)RU\TPU\book\73846
|
| 090 |
|
|
|a 69349
|
| 100 |
|
|
|a 20041022d1975 k y0rusy50 ca
|
| 101 |
0 |
|
|a rus
|
| 102 |
|
|
|a RU
|
| 105 |
|
|
|a a z 001zy
|
| 200 |
0 |
|
|a Т. 1: Уравновешивание жестких роторов и механизмов
|f В. Н. Барке, В. А. Захаров, В. А. Зенкевич и др.
|
| 210 |
|
|
|d 1975
|
| 215 |
|
|
|a 527 с.
|c ил.
|
| 320 |
|
|
|a Библиогр.: с. 522-524
|
| 320 |
|
|
|a Алфавитно-предметный указатель: с. 525-527
|
| 461 |
|
1 |
|0 (RuTPU)RU\TPU\book\77786
|t Основы балансировочной техники
|o [в 2 т.]
|f Под ред. В. А. Щепетильникова
|v Т. 1: Уравновешивание жестких роторов и механизмов
|d 1975-
|
| 610 |
1 |
|
|a машиноведение
|
| 610 |
1 |
|
|a балансировочные машины
|
| 610 |
1 |
|
|a жесткие роторы
|
| 610 |
1 |
|
|a уравновешивание
|
| 610 |
1 |
|
|a балансировка
|
| 610 |
1 |
|
|a точность
|
| 610 |
1 |
|
|a дисбалансы
|
| 610 |
1 |
|
|a стержневые механизмы
|
| 610 |
1 |
|
|a статическое уравновешивание
|
| 610 |
1 |
|
|a динамическое уравновешивание
|
| 675 |
|
|
|a 621-752
|v 3
|
| 701 |
|
1 |
|a Барке
|b В. Н.
|g Владимир Николаевич
|
| 701 |
|
1 |
|a Захаров
|b В. А.
|
| 701 |
|
1 |
|a Зенкевич
|b В. А.
|
| 701 |
|
1 |
|a Козлянинов
|b Т. П.
|
| 701 |
|
1 |
|a Коритысский
|b Я. И.
|
| 801 |
|
1 |
|a RU
|b 63413507
|c 20041022
|g PSBO
|
| 801 |
|
2 |
|a RU
|b 63413507
|c 20100823
|g PSBO
|
| 942 |
|
|
|c BK
|